[Event "18th Delhi GM Open 2020"]
[Site "Delhi"]
[Date "2020.01.16"]
[Round "10.20"]
[White "Audi Ameya"]
[Black "Grover, Sahaj"]
[Result "1/2-1/2"]
[WhiteElo "2359"]
[BlackElo "2521"]
[Annotator "TA"]
[PlyCount "92"]
[EventDate "2020.01.09"]
[EventType "swiss"]
[EventCountry "IND"]
[SourceTitle "playchess.com"]
[Source "ChessBase"]
[SourceQuality "1"]

{[%evp 12,92,16,11,25,14,9,15,16,0,0,0,0,0,9,0,23,18,6,-16,-10,-12,-18,-24,-18,-48,-33,-37,-2,-1,-3,0,8,-36,44,20,114,95,121,121,122,114,114,114,116,0,0,0,0,0,0,0,0,0,0,0,0,0,104,1,52,0,4,4,6,7,8,8,8,8,8,0,0,0,0,0,0,0,0,0,0,0,0]} 1. e4 e5 2. Nf3 Nc6 3. Bc4 Nf6 4. d3 Bc5 5. O-O O-O 6. Re1 d6 7. c3 h6 {C54: Giuoco Piano: 4 c3 Nf6, main lines with 5 d4 and 5 d3} 8. Nbd2 {[%cal Bb1d2,Bd2f1,Bf1g3,Bg3e4][%mdl 32]} a5 9. Nf1 a4 10. Ng3 Ra5 11. d4 Bb6 12. h3 exd4 13. cxd4 {[#]} Nxe4 $146 {[%mdl 64] Remove Defender, Decoy} ({Predecessor:} 13... d5 14. exd5 Nxd5 15. a3 {1-0 (29) Amin,B (2699)-Esipenko,A (2624) Douglas 2019}) 14. Nxe4 {Black must now prevent d5.} d5 {[%mdl 64] Double Attack} 15. Ned2 {And now Bf1 would win.} dxc4 16. Nxc4 Rf5 {[%cal Rc6d4]} 17. Nxb6 cxb6 18. Be3 Qd5 19. Ne5 Rf6 20. Nd3 ({But not} 20. Qxa4 $2 Nxe5 21. dxe5 Rg6 $1 $19 {[%mdl 512]}) 20... Qb5 21. Nf4 Rd8 22. Re2 Na5 (22... Rfd6 $15) 23. Rc1 Be6 {[#]} (23... Nc4 $1 $11 {remains equal.}) 24. d5 $1 $16 Bxd5 25. Rd2 {[%cal Rf4d5]} Rfd6 {[#]} 26. Bxb6 $1 {[%mdl 576] Deflection} Qxb6 27. Nxd5 Qa6 28. Rc8 (28. Qxa4 $16 Nc6 29. Qxa6 bxa6 30. Rxc6 Rxc6 {[#]} 31. Nf6+ $1 {[%mdl 576] Discovered Attack} Kf8 32. Rxd8+ Ke7 33. Rd7+ Kxf6 34. Ra7) 28... Rxc8 $11 29. Ne7+ {[%mdl 64] Double Attack} Kh7 $1 30. Rxd6 Rc1 $1 {[%cal Rc1d1]} 31. Qxc1 {Threatening mate with Qc8!} Qxd6 32. Qc2+ g6 33. Qxa4 Qd2 34. g3 Kg7 (34... Qe1+ $11 {keeps the balance.} 35. Kg2 Qxe7 36. Qxa5 Qe4+ 37. Kg1 Qb1+ 38. Kg2 Qe4+ 39. Kh2 Qd4) 35. h4 ({White should try} 35. Kg2 $16) 35... b6 (35... Kf8 $11 36. Qa3 Qe1+ 37. Kg2 Qe4+ 38. Kh3 Qh1+ 39. Kg4 Qe4+ 40. Kh3 Qh1+ 41. Kg4 Qe4+ 42. Kh3) 36. Qa3 Qe1+ {The position is equal.} 37. Kg2 {next Nd5 is good for White.} Qe4+ $1 38. Kh2 {Hoping for Qc3+.} Nc4 39. Qc3+ Kh7 40. Qf6 Ne5 $132 {[%mdl 2048] ( -> ...Ng4+). Black has counterplay} 41. Kg1 Nf3+ 42. Kf1 Ne5 43. Kg1 h5 44. a4 Nf3+ 45. Kf1 Nd2+ 46. Kg1 Nf3+ {Accuracy: White = 47%, Black = 56%.} 1/2-1/2

[Event "18th Delhi GM Open 2020"]
[Site "Delhi"]
[Date "2020.01.16"]
[Round "10.21"]
[White "Sangma, Rahul"]
[Black "Yudin, Sergei"]
[Result "1/2-1/2"]
[WhiteElo "2291"]
[BlackElo "2508"]
[Annotator "TA"]
[PlyCount "143"]
[EventDate "2020.01.09"]
[EventType "swiss"]
[EventCountry "IND"]
[SourceTitle "playchess.com"]
[Source "ChessBase"]
[SourceQuality "1"]

{[%evp 17,143,39,47,23,35,35,35,40,54,43,36,43,77,47,77,51,63,59,65,30,59,45,87,95,94,108,97,97,76,68,60,30,53,66,77,80,71,77,76,0,0,-1,-5,-6,-6,-8,-4,-9,145,149,137,130,144,127,152,152,152,152,152,152,160,152,174,171,169,175,152,143,215,232,187,15,14,13,14,21,19,20,70,11,11,16,18,0,0,0,0,0,0,0,0,0,0,0,0,0,0,0,0,0,0,0,0,0,0,0,0,0,0,0,0,0,0,0,0,0,0,0,0,0,0,0,0,0,0,0,0,0]} 1. e4 d6 2. d4 Nf6 3. Nc3 e5 4. Nf3 Nbd7 5. Bc4 Be7 6. a4 O-O 7. O-O c6 8. Re1 h6 9. h3 Re8 10. Ba2 {C41: Philidor Defence} Qc7 11. Be3 exd4 $146 ({Predecessor:} 11... Nf8 12. Qd3 Ng6 13. a5 Nh5 14. Ne2 Bf8 15. d5 c5 16. Qd2 Qd8 17. Bc4 Bd7 18. Kh2 Nh4 19. Nxh4 Qxh4 {1-0 (73) Rodshtein,M (2673)-Moussard,J (2601) Skopje 2019}) 12. Nxd4 {White is slightly better.} Bf8 13. Qf3 Ne5 14. Qg3 Kh8 15. Rad1 Ng6 16. f3 $36 {[%mdl 2048] White is pushing.} a6 17. a5 Re5 18. Nb3 d5 19. Bb6 Qb8 20. exd5 Nh5 21. dxc6 bxc6 (21... Nxg3 $2 {too greedy.} 22. c7 $18) 22. Qf2 Nhf4 23. Ne4 Be7 $1 24. Bd8 {Black must now prevent Qb6.} Bxh3 25. Bxe7 Rxe7 26. g3 Nd5 27. Nd4 Qxb2 28. c3 (28. c4 $16 Qxf2+ 29. Kxf2) 28... Qxf2+ $11 29. Kxf2 {[#]} Rxe4 $1 {[%mdl 576] Remove Defender} 30. fxe4 (30. Rxe4 Nxc3) 30... Nxc3 {[%mdl 64] Double Attack} 31. Rd2 Ne5 32. Nf3 Nxf3 $2 (32... Ng4+ $1 $11 33. Kg1 Nxa2 34. Rxa2 Rb8) 33. Kxf3 $16 Nxa2 34. Rxa2 $11 {[%mdl 4096] Endgame KRR-KRB} Rb8 35. Rc1 $1 {[%mdl 1024] White has strong compensation.} Rb3+ {[#]} 36. Kf2 $1 Bd7 37. Rd2 Rb7 38. Rcc2 Rc7 39. Rd6 Kg8 40. Rb2 Kf8 41. Rb6 Ke7 42. e5 c5 (42... Ra7 $16 43. Ke3 Be8) 43. Rxa6 $18 c4 {[%cal Bc5c4,Bc4c3,Bc3c2][%mdl 32]} 44. Rab6 $2 ({White should play} 44. Ke2 $18) 44... c3 $11 45. Rd1 {aiming for a6.} c2 46. Rc1 Bf5 $1 47. a6 {And now Rb7 would win.} Rc3 {[#]} 48. a7 (48. g4 $1 $14 {[%mdl 512]} Bg6 (48... Bxg4 49. Rb7+) 49. e6) 48... Ra3 {The position is equal.} 49. Rb7+ Ke6 50. g4 Be4 51. Rc7 g5 52. Ke2 {Strongly threatening Kd2.} Bf3+ 53. Kd2 Bd1 $1 54. R1xc2 Bxc2 55. Kxc2 {Black should prevent Kb2.} Kxe5 56. Rxf7 {KR-KR} Ke6 57. Kb2 Ra6 58. Rb7 Ke5 59. Rf7 Ke6 60. Rb7 Ke5 61. Kb3 Ra1 62. Rf7 Ke6 63. Rh7 Ke5 64. Rb7 Kd5 65. Re7 Kc5 66. Kb2 Ra6 67. Rh7 Kc4 68. Rb7 Kc5 69. Rc7+ Kb6 70. Rh7 Rxa7 71. Rxh6+ Kc5 72. Rh5 {Accuracy: White = 53%, Black = 69%.} 1/2-1/2

[Event "18th Delhi GM Open 2020"]
[Site "Delhi"]
[Date "2020.01.16"]
[Round "10.22"]
[White "Vasquez Schroeder, Rodrigo"]
[Black "Srihari L R"]
[Result "0-1"]
[WhiteElo "2487"]
[BlackElo "2302"]
[Annotator "RC"]
[PlyCount "82"]
[EventDate "2020.01.09"]
[EventType "swiss"]
[EventCountry "IND"]
[SourceTitle "playchess.com"]
[Source "ChessBase"]
[SourceQuality "1"]
[TimeControl "5400+30"]

1. d4 {[%emt 0:02:51]} d6 {[%emt 0:00:00]} 2. Nf3 {[%emt 0:00:17]} g6 {[%emt 0:00:00]} 3. c4 {[%emt 0:00:29]} Bg7 {[%emt 0:00:08]} 4. Nc3 {[%emt 0:00:18]} Bg4 {[%emt 0:00:46]} 5. e3 {[%emt 0:00:16]} c5 {[%emt 0:05:26]} 6. Be2 {[%emt 0:03:56]} cxd4 {[%emt 0:00:26]} 7. Nxd4 {[%emt 0:01:09]} Bxe2 {[%emt 0:00:26]} 8. Ndxe2 {[%emt 0:00:01]} Nf6 {[%emt 0:00:45]} 9. O-O {[%emt 0:00:14]} O-O {[%emt 0:00:05]} 10. Rb1 {[%emt 0:00:16]} Nc6 {[%emt 0:00:48]} 11. e4 {[%emt 0:01:03]} a6 {[%emt 0:00:41]} 12. a4 {[%emt 0:00:12]} Rc8 {[%emt 0:18:30]} 13. b3 {[%emt 0:01:22]} Qa5 {[%emt 0:05:00]} 14. Bd2 {[%emt 0:02:39]} e6 {[%emt 0:04:21]} 15. Kh1 {[%emt 0:05:52]} Qc7 {[%emt 0:02:38]} 16. Bf4 Rfd8 {[%emt 0:00:53]} 17. Qd2 {[%emt 0:02:53]} Nb4 {[%emt 0:01:36]} 18. f3 {[%emt 0:04:33]} Qb6 {[%emt 0:03:13]} 19. Be3 {[%emt 0:07:32]} Qc7 {[%emt 0:01:03]} 20. Rbc1 {[%emt 0:01:40]} Qe7 {[%emt 0:13:21]} 21. Bg5 {[%emt 0:03:04]} Qf8 {[%emt 0:01:50]} 22. Nd1 {[%emt 0:05:19]} Nc6 {[%emt 0:09:15]} 23. Ne3 {[%emt 0:03:55]} h6 {[%emt 0:01:16]} 24. Bh4 {[%emt 0:00:06]} Ne5 {[%emt 0:02:45]} 25. Nc3 {[%emt 0:03:36]} g5 {[%emt 0:00:40]} 26. Bf2 {[%emt 0:00:43]} Nfd7 {[%emt 0:00:48]} 27. Rfd1 {[%emt 0:00:30]} Nc5 {[%emt 0:00:11]} 28. Qc2 {[%emt 0:01:38]} Nc6 {[%emt 0:00:16]} 29. Ne2 {[%emt 0:00:32]} b5 {[%emt 0:01:45]} 30. axb5 {[%emt 0:07:57]} axb5 {[%emt 0:00:07]} 31. b4 {[%emt 0:02:26]} Nxb4 {[%emt 0:00:52]} 32. Qb1 {[%emt 0:00:09]} bxc4 {[%emt 0:00:28]} 33. Rxc4 {[%emt 0:10:35]} Nc6 {[%emt 0:00:32]} 34. Bg3 {[%emt 0:03:22]} Rb8 {[%emt 0:02:44]} 35. Qc1 {[%emt 0:00:13]} Na5 {[%emt 0:00:27]} 36. Rc2 {[%emt 0:01:26]} Nab3 {[%emt 0:00:32]} 37. Qa3 {[%emt 0:00:18]} Rb5 {[%emt 0:01:39]} 38. Nc3 {[%emt 0:02:55]} Rb7 {[%emt 0:00:56]} 39. Nc4 {[%emt 0:05:47]} Ra8 {[%emt 0:01:32]} 40. Bxd6 {[%emt 0:01:06]} Qc8 {[%emt 0:01:08]} 41. Qb2 {[%emt 0:01:21]} Nd4 {[%emt 0:01:43]} 0-1

[Event "18th Delhi GM Open 2020"]
[Site "Delhi"]
[Date "2020.01.16"]
[Round "10.23"]
[White "Rohith Krishna S"]
[Black "Vignesh N R"]
[Result "1/2-1/2"]
[WhiteElo "2289"]
[BlackElo "2472"]
[Annotator "TA"]
[PlyCount "101"]
[EventDate "2020.01.09"]
[EventType "swiss"]
[EventCountry "IND"]
[SourceTitle "playchess.com"]
[Source "ChessBase"]
[SourceQuality "1"]

{[%evp 20,101,2,0,0,-18,0,0,0,-4,-8,-6,-6,-4,-12,-31,0,-19,-19,-19,-14,-15,-16,-16,-18,-14,-12,-25,-2,-79,-79,-79,-79,-79,-79,-89,-89,-89,-89,-89,-89,-89,-82,-89,-82,-89,-30,-30,-30,-30,-30,-30,-30,-30,0,-30,-30,-30,-30,-30,-30,-30,-30,-30,-30,-30,-30,-30,-30,-30,-30,-217,0,0,0,-30,-30,-30,0,0,0,-31,0,-52]} 1. d4 Nf6 2. c4 g6 3. Nc3 Bg7 4. Nf3 O-O 5. g3 c6 6. Bg2 d5 7. cxd5 cxd5 8. O-O Ne4 9. Nxe4 dxe4 10. Ne5 Qd5 11. Be3 Nd7 {[%cal Bb8d7,Bd7f6,Bf6d5][%mdl 32] D79: Fianchetto Grünfeld: Symmetrical Variation (6 0-0 c6 7 cxd5 cxd5)} 12. Qc2 Nf6 13. Rfc1 {[#]} Be6 $146 ({Predecessor:} 13... Bf5 14. Qb3 Rfc8 15. Qxd5 Nxd5 16. Bd2 Nf6 17. e3 Be6 18. b3 Bd5 19. Rxc8+ Rxc8 {½-½ (53) Vlasov,A (2262)-Yandemirov,V (2504) Kaluga 2007}) 14. Qa4 Rfc8 15. Rxc8+ Rxc8 16. Qxa7 Qb5 17. Qa3 Nd5 {Threatens to win with ...f6.} 18. Bxe4 Bxe5 19. dxe5 Qxe2 20. Qd3 Qxb2 21. Bd4 Nc3 22. Bxc3 Rxc3 23. Rb1 Rc1+ {[%mdl 64] [#] Discovered Attack} 24. Kg2 (24. Rxc1 $11 {remains equal.} Qxc1+ 25. Kg2) 24... Rxb1 $17 25. Qxb1 Qxe5 26. Qxb7 Bxa2 27. Qa8+ Kg7 28. Qxa2 {And now Qa4 would win.} Qxe4+ {[%mdl 4096] Endgame KQ-KQ} 29. f3 Qe3 30. h4 e5 31. Qc2 h6 32. Qb2 g5 (32... Qd4 $17 33. Qe2 h5) 33. hxg5 $11 hxg5 34. g4 Qf4 35. Qc3 Qd4 36. Qc1 Qf4 37. Qc3 $1 Kg6 38. Qc6+ Qf6 39. Qc2+ Kg7 40. Qd2 Kh6 41. Qd3 Qf4 42. Kh3 Kg7 43. Qc3 Kg6 {Threatening ...e4.} 44. Qc6+ Kh7 45. Qc2+ $2 {[#]} (45. Kg2 $11) 45... Kg8 $2 ({Better is} 45... e4 $1 $19 46. Qxe4+ Qxe4 47. fxe4 f6) 46. Qc8+ Kg7 47. Qc3 Qf6 {White must now prevent ...e4!} 48. Qe3 Kg6 49. Qd3+ Kg7 50. Qe3 Qf4 51. Qd3 {Accuracy: White = 65%, Black = 55%.} (51. Qc3 $11) 1/2-1/2

[Event "18th Delhi GM Open 2020"]
[Site "Delhi"]
[Date "2020.01.16"]
[Round "10.24"]
[White "Nigmatov, Ortik"]
[Black "Pranav Vijay"]
[Result "0-1"]
[WhiteElo "2467"]
[BlackElo "2265"]
[Annotator "TA RC"]
[PlyCount "68"]
[EventDate "2020.01.09"]
[EventType "swiss"]
[EventCountry "IND"]
[SourceTitle "playchess.com"]
[Source "ChessBase"]
[SourceQuality "1"]

{[%evp 13,102,33,33,28,35,37,37,35,42,18,25,20,59,53,46,52,50,43,55,37,49,18,16,11,12,0,0,-68,-43,-84,-89,-89,-91,-179,-189,-174,-163,-164,-95,-370,0,0,0,-215,-226,-219,-216,-235,-235,-233,-232,-254,-247,-302,-302,-302,-295,-276,-269,-272,-257,-335,-334,-324,-241,-432,-435,-441,-431,-416,-421,-496,-485,-558,-575,-577,-564,-564,-564,-564,-564,-564,-564,-564,-564,-536,-539,-543,-535,-533,-512]} 1. e4 e5 2. Nf3 Nc6 3. Bc4 Nf6 4. d3 Be7 5. O-O O-O 6. Re1 d6 7. a4 Na5 8. Ba2 {C55: Two Knights: 4 d3, 4 d4 exd4 5 e5 and Max Lange Attack} c5 9. Na3 (9. c3 Nc6 10. Nbd2 h6 11. Nf1 Re8 12. h3 Bf8 13. Ne3 Be6 14. Bxe6 Rxe6 15. Nd5 Re8 16. Nxf6+ Qxf6 {½-½ (30) Jakovenko,D (2719)-Yu,Y (2751) Shenzhen 2019}) 9... Be6 10. Bxe6 {White is slightly better.} fxe6 11. c3 Nc6 {[%cal Ba5c6,Bc6b8,Bb8d7,Bd7c5,Bc5b3][%mdl 32]} 12. Bd2 Nh5 13. b4 cxb4 14. cxb4 Qe8 $146 ({Predecessor:} 14... Nf4 15. Bc3 Qe8 {0-1 (44) Hong,A (2368)-Wang,J (2409) Saint Louis 2018}) 15. b5 Nb8 16. d4 Nd7 17. Nc4 {[%cal Rd4e5]} exd4 18. Nxd4 Qg6 19. Rc1 Nc5 20. Qe2 (20. Qc2 $11) 20... Rf7 21. a5 Raf8 $40 {[%mdl 128] Black has strong attack.} 22. f3 Bf6 $1 {[%cal Rf6d4]} 23. Nc2 (23. Be3 $17 Bxd4 24. Bxd4) 23... Nb3 $1 $19 {And now ...d5 would win.} 24. Rcd1 ({Don't go for} 24. Nxd6 $2 Bd4+ 25. Nxd4 Nxd4 $19) 24... d5 $1 {[%cal Rd5c4]} 25. Nd6 Rc7 (25... Nxd2 $19 26. Qxd2 Bg5) 26. exd5 $2 {[%mdl 8192]} (26. Be3 $17 {is the only way for White.}) 26... exd5 $2 ({And not} 26... Qxc2 27. Qxe6+ Kh8 28. Nf7+ $1 {[%mdl 512]} Kg8 29. Nh6+ Kh8 30. d6 $16) (26... Bd4+ $1 $19 27. Nxd4 Nxd4) 27. Qe6+ $11 {[%mdl 64] Double Attack} Kh8 28. Ne3 $2 (28. b6 $1 $11 {and White has nothing to worry.} axb6 29. axb6) 28... Nxd2 $19 29. Rxd2 Bc3 30. Qxg6 hxg6 31. Rc2 Bxa5 32. Rd1 {[#]} Nf6 $1 33. Rxc7 Bxc7 34. Nxb7 Rb8 {Played: Bc7-b6} 0-1

[Event "18th Delhi GM Open 2020"]
[Site "Delhi"]
[Date "2020.01.16"]
[Round "10.25"]
[White "Taher, Yoseph Theolifus"]
[Black "Wagh Suyog"]
[Result "1-0"]
[WhiteElo "2462"]
[BlackElo "2219"]
[Annotator "TA"]
[PlyCount "73"]
[EventDate "2020.01.09"]
[EventType "swiss"]
[EventCountry "IND"]
[SourceTitle "playchess.com"]
[Source "ChessBase"]
[SourceQuality "1"]

{[%evp 10,73,58,57,58,60,54,36,37,20,35,24,29,26,26,4,13,15,15,13,16,15,13,8,25,0,9,11,57,24,14,29,35,5,3,0,0,0,0,0,0,0,22,22,23,21,20,18,17,18,19,15,19,13,22,32,83,68,77,70,490,489,489,483,483,480]} 1. e4 d5 2. exd5 Qxd5 3. Nc3 Qd8 4. d4 Nf6 5. Nf3 Bg4 6. h3 Bxf3 {B01: Scandinavian Defence} 7. Qxf3 c6 8. Qd3 (8. Be3 e6 9. O-O-O Bb4 10. Ne4 Nxe4 11. Qxe4 Qd5 12. Qxd5 cxd5 13. c4 dxc4 14. Bxc4 {1-0 (41) Dominguez Perez,L (2739)-Pichot,A (2552) chess.com INT 2018}) 8... e6 {White is slightly better.} 9. Be2 Bd6 10. Ne4 Nxe4 11. Qxe4 Nd7 12. Qg4 $146 ({Predecessor:} 12. Bd2 Nf6 13. Qh4 Nd5 14. Qg4 {1-0 (29) Zelcic,R (2518)-Tratar,M (2477) Ptuj 2015}) 12... O-O 13. Bh6 {[%csl Gh6][%cal Rg4g7] [#]} Qf6 14. Bg5 Qg6 15. O-O-O Nf6 16. Qh4 {Threatens to win with Bd3.} Nd5 17. Kb1 h6 18. Bd2 Bf4 19. Bd3 Qg5 20. Qxg5 Bxg5 21. Be1 b5 22. c3 Rfd8 23. h4 Bf6 24. Bd2 h5 25. Be2 g6 26. g4 hxg4 27. h5 gxh5 28. Rxh5 Kf8 29. Bxg4 Ke7 30. Rdh1 $36 {[%mdl 2048] White is more active.} Rg8 31. Bf3 a5 32. a4 Rad8 (32... bxa4 $14 33. Kc2 Rh8) 33. axb5 $16 cxb5 34. Re1 {[#] Strongly threatening Bxd5.} Rh8 $2 {[%mdl 8192]} (34... Kf8 $1 $14) 35. Rxd5 $1 $18 {White is clearly winning.} Rxd5 36. Bxd5 Rh2 37. Be3 {Accuracy: White = 70%, Black = 54%.} 1-0

[Event "18th Delhi GM Open 2020"]
[Site "Delhi"]
[Date "2020.01.16"]
[Round "10.26"]
[White "Saurabh Anand"]
[Black "Neverov, Valeriy"]
[Result "1/2-1/2"]
[WhiteElo "2269"]
[BlackElo "2460"]
[Annotator "TA"]
[PlyCount "113"]
[EventDate "2020.01.09"]
[EventType "swiss"]
[EventCountry "IND"]
[SourceTitle "playchess.com"]
[Source "ChessBase"]
[SourceQuality "1"]

{[%evp 21,113,0,39,31,54,43,44,14,43,18,129,133,136,146,217,220,208,210,210,202,216,108,312,304,303,310,303,302,308,300,277,114,124,105,91,0,0,0,8,0,44,79,137,75,76,69,260,247,422,427,416,414,483,436,481,281,286,289,143,0,0,0,0,0,0,0,-7,-7,-7,0,0,-8,0,0,0,-8,-8,-8,-8,-8,-8,-8,-8,-8,-8,-8,-8,-8,-7,-8,-8,-8,-8,-8]} 1. e4 c5 2. Nf3 d6 3. d4 cxd4 4. Nxd4 Nf6 5. Nc3 Nc6 6. Bg5 e6 7. Qd2 a6 8. O-O-O h6 9. Nxc6 bxc6 10. Bf4 d5 11. Qe3 Be7 12. Be2 {B66: Sicilian: Richter-Rauzer: 7...a6 8 0-0-0 h6} Bb7 (12... O-O 13. h4 Nd7 14. Qg3 Kh8 15. Bc7 Qe8 16. Rhe1 Bb7 17. Bf3 Rc8 18. Bd6 Bxd6 19. Qxd6 Qd8 {½-½ (45) Vachier Lagrave,M (2718)-Kempinski,R (2616) Germany 2010}) 13. Qg3 Kf8 14. Kb1 $146 {White is slightly better.} ({Predecessor:} 14. Bc7 Qc8 15. Be5 Rg8 16. Bf3 Ne8 17. Na4 Qd8 18. h4 Qa5 19. b3 Rd8 {1-0 (50) Hungaski,R (2452)-Aung,T (2295) Wheeling 2011}) 14... a5 15. Be5 Ba6 (15... h5 $11) 16. Bxa6 $16 Rxa6 17. f4 Ne8 (17... h5 $16) 18. f5 $18 f6 19. exd5 $1 (19. fxe6 $6 fxe5 20. exd5 Kg8 $16) 19... exd5 20. Bf4 $1 Nd6 21. Ne2 (21. Rhe1 $1 $18) 21... Nxf5 $2 (21... Ne4 $16 {is a better defense.} 22. Qf3 a4) 22. Qg4 $1 Qc8 23. Nd4 Nd6 24. Qg6 $1 (24. Ne6+ Kf7 $11) 24... Kg8 (24... c5 25. Bxd6 cxd4 26. Bxe7+ Kxe7 27. Qxg7+ Kd6 28. Rxd4 $18) 25. Rhe1 $1 {[%cal Re1e7]} (25. Bxd6 Bxd6 26. Rhe1 Be5 $16) 25... Ne4 {[#]} 26. Nf5 $1 {[%mdl 512]} Bf8 $16 27. Bxh6 {Intending Ne7+! and mate.} Ra7 28. Be3 ({White should play} 28. Rd4 $16) 28... Rb7 $11 29. Ka1 Qb8 $132 {[%mdl 2048] Black puts up resistance} ({Reject} 29... Rxh2 $6 30. Bf4 $16) 30. Bd4 Qxh2 {aiming for ...Qh5.} 31. Qe8 c5 {[#]} (31... Qc7 $142) 32. Qe6+ (32. Qc6 $142 $1 {[%cal Rc6b7]} Rf7 33. Bg1 (33. Qxd5 g6 $14)) 32... Rf7 $16 33. Qxd5 cxd4 $2 (33... g6 $14) 34. Qxe4 g6 $2 (34... Qc7 35. Nxd4 Qc4) 35. Nxd4 $18 f5 36. Qc6 Qg3 37. Nf3 Rh6 38. Rd7 (38. Qd5 $142 {Strongly threatening Ne5.} Kg7 39. Qd8) 38... Rxd7 39. Qxd7 Qxg2 (39... Qd6 $18 40. Qb5 Rh5 41. Qxa5 Qc6) 40. Ne5 (40. Qd5+ $16 Kg7 41. Qd1) 40... Bg7 $1 $11 {The position is equal.} 41. Qf7+ Kh7 {Threatens to win with ...Qe2!} 42. Nd7 $1 {[%cal Rd7f6] Threatening mate with Nf6+.} Rh1 {[%cal Rh1e1]} 43. Nf8+ Kh6 {[%cal Rh1e1]} 44. Qxg6+ $1 Qxg6 {[%cal Rh1e1]} 45. Rxh1+ {[#]} Qh5 $1 {[%cal Rh5h1][%mdl 512]} 46. Rxh5+ Kxh5 {[%mdl 4096] Endgame KB-KN} 47. Ne6 Be5 (47... Bf6 {feels hotter.} 48. Kb1 Kg4 49. c3 f4 50. Kc2 f3) 48. a4 f4 {[#] White must now prevent ...f3.} 49. Nxf4+ $1 {[%mdl 512]} Bxf4 {KB-K3P} 50. c3 Kg6 51. Ka2 Kf7 52. Kb3 Ke6 53. Kc4 Kd7 54. Kb5 Bc1 55. b4 axb4 56. cxb4 Bd2 57. a5 {Accuracy: White = 62%, Black = 48%.} 1/2-1/2

[Event "18th Delhi GM Open 2020"]
[Site "Delhi"]
[Date "2020.01.16"]
[Round "10.27"]
[White "Liyanage, Ranindu Dilshan"]
[Black "Das, Sayantan"]
[Result "0-1"]
[WhiteElo "2124"]
[BlackElo "2424"]
[Annotator "TA"]
[PlyCount "80"]
[EventDate "2020.01.09"]
[EventType "swiss"]
[EventCountry "IND"]
[SourceTitle "playchess.com"]
[Source "ChessBase"]
[SourceQuality "1"]

{[%evp 9,80,10,18,18,30,13,12,16,45,24,16,16,25,0,0,0,0,0,0,0,0,0,0,0,0,0,8,-7,-8,-73,-87,-89,-89,-69,-69,-90,0,-137,-139,-143,-145,-143,-131,-147,-119,-116,-122,-114,-128,-124,-127,-91,-118,-116,-112,-114,-112,-72,-4,-13,-30,-355,-346,-345,-299,-444,-442,-432,-421,-187,-418,-29997,-29998]} 1. e4 c5 2. Nf3 d6 3. Bb5+ Nc6 4. O-O Bd7 5. Bxc6 (5. Re1 a6 6. Bxc6 Bxc6 7. d4 cxd4 8. Nxd4 Nf6 9. Nxc6 bxc6 10. c4 e6 11. Nc3 Be7 12. b3 Nd7 13. Be3 c5 14. Bf4 Qc7 15. Qd2 Rd8 16. Rad1 Ne5 17. Bxe5 dxe5 {½-½ (236) Howell,D (2701)-Harikrishna,P (2731) Budva 2019}) 5... Bxc6 6. Re1 {B51: Sicilian: Moscow Variation (3 Bb5+) without 3...Bd7} e5 7. c3 Nf6 8. d4 $146 {The position is equal.} ({Predecessor:} 8. d3 h6 9. Nbd2 g6 10. d4 Qc7 11. b4 b6 12. a4 Bg7 {0-1 (36) Heinrichs,V (1991)-Zacarias,M (2199) Florianopolis 2018}) 8... Qc7 ({Not} 8... Nxe4 $2 9. d5 $18) 9. Nbd2 Be7 10. b4 b6 {[%cal Bb7b6,Bb6c5][%mdl 32]} 11. bxc5 (11. a4 {with more complications.} O-O 12. b5 Bb7 13. d5 a6 14. c4) 11... bxc5 12. dxe5 dxe5 13. Qc2 O-O 14. Nc4 Nd7 15. Ne3 {[#]} c4 $1 {[%mdl 512]} 16. Nxc4 Rac8 17. Ne3 Rfe8 18. Bb2 Nc5 19. Nd5 (19. Nf5 $11) 19... Bxd5 $1 $17 20. exd5 e4 $1 {[%cal Re4f3]} 21. Nd4 Bf6 $1 22. Nc6 Qd7 (22... Nd3 $17 23. Rxe4 {[%mdl 64] Remove Defender} Rxe4 24. Qxd3 Rce8) 23. Rad1 (23. c4 $11 {remains equal.} Bxb2 24. Qxb2) 23... Nd3 24. Rxe4 Rxe4 25. Qxd3 Rce8 26. g3 Re2 27. Rd2 Rxd2 28. Qxd2 Qg4 29. d6 {Hoping for d7.} Qd7 {[%mdl 1024] Black has strong compensation.} 30. Qd5 h5 $1 31. h4 Re2 32. Ba3 Qh3 $1 {[%cal Re2e1]} ({Much worse is} 32... Bxc3 $6 33. Ne7+ Rxe7 34. dxe7 $11) 33. Qd1 {[#]} Qe6 ({Black should play} 33... Qg4 $1 $17 {[%cal Rg4e4] And now ...Qe4 would win.} 34. Qd3 Re1+ 35. Kg2 Bxh4) 34. Qd3 $1 $11 Rxa2 $40 {[%mdl 128] Black attacks.} 35. Ne7+ $2 {[%mdl 8192]} (35. Bc5 $11) 35... Bxe7 $1 $19 36. dxe7 {Threatens to win with Qd8+.} Re2 ({Much less strong is} 36... Qe1+ 37. Qf1) 37. Bc5 (37. Bd6 {keeps fighting.}) 37... Re1+ 38. Kg2 {[#]} a5 $1 39. Qd8+ Kh7 {( -> ...Qe4+)} 40. f3 (40. Qa8 $19 Kg6 41. Bb6) 40... Qe2+ 0-1